Caracterización de la paja de arroz (Oriza sativa) y evaluación de la pulpa obtenida para la producción de papel
Αποθηκεύτηκε σε:
| Κύριος συγγραφέας: | |
|---|---|
| Άλλοι συγγραφείς: | |
| Μορφή: | Βιβλίο |
| Έκδοση: |
San José, Costa Rica
2000
|
| Θέματα: | |
| Ετικέτες: |
Προσθήκη ετικέτας
Δεν υπάρχουν, Καταχωρήστε ετικέτα πρώτοι!
|
MARC
| LEADER | 00000nam a2200000Ia 4500 | ||
|---|---|---|---|
| 003 | 008509 | ||
| 005 | 20240410100712.0 | ||
| 008 | 140114s2000 cr a m 000 ||s d | ||
| 040 | |c cru CEDI | ||
| 090 | |a TFG 4157 | ||
| 100 | |a Rodríguez Quirós, Jerry Anthony , 1975- |9 1875 | ||
| 245 | |a Caracterización de la paja de arroz (Oriza sativa) y evaluación de la pulpa obtenida para la producción de papel | ||
| 260 | |a San José, Costa Rica |c 2000 | ||
| 300 | |a 125 hojas : ilustraciones (algunas a color) | ||
| 500 | |a Proyecto de graduación (licenciatura en ingeniería química)--Universidad de Costa Rica. Facultad de Ingeniería. Escuela de Ingeniería Química | ||
| 501 | |a Directora de Proyecto de Graduación: Ing. María Lorena Blanco Rojas, M.Sc. | ||
| 650 | |x ARROZ |x PULPA DE ARROZ |x CELULOSA |x PAPEL |x PROCESOS Y PRODUCTOS QUIMICOS |9 8238 | ||
| 700 | |a Blanco Rojas, María Lorena, 1959 |d Directora del TFG |9 1538 | ||
| 942 | |c TFG |h TFG 4157 |i 008509 |6 TFG_4157_008509000000000 | ||
| 999 | |c 18311 |d 18311 | ||
